| 000 | 00939cam a2200325 i 4500 | ||
|---|---|---|---|
| 999 |
_c200002458 _d24542 |
||
| 001 | 200002458 | ||
| 003 | TR-AnTOB | ||
| 005 | 20230316230838.0 | ||
| 007 | ta | ||
| 008 | 101121s2010 tu 000 0 tur d | ||
| 020 | _a9789756734063 | ||
| 040 |
_aTR-AnTOB _beng _erda _cTR-AnTOB |
||
| 041 | 0 | _atur | |
| 050 | 1 | 4 |
_aTK5102.92 _b.G39 2010 |
| 090 | _aTK5102.92.G39 2010 | ||
| 100 | 1 |
_aGazi, Orhan _eauthor _971647 |
|
| 245 | 1 | 0 |
_aSinyaller ve sistemler / _cOrhan Gazi. |
| 264 | 1 |
_aAnkara : _bÇankaya Üniversitesi, _c2010. |
|
| 300 |
_a280 pages ; _c30 cm |
||
| 336 |
_2rdacontent _atext _btxt |
||
| 337 |
_2rdamedia _aunmediated _bn |
||
| 338 |
_2rdacarrier _avolume _bnc |
||
| 490 | 0 |
_aÇankaya Üniversitesi ; _v7 |
|
| 504 | _aBIBINDX | ||
| 650 | 0 |
_aSinyal teorisi (Telekomünikasyon) _949307 |
|
| 650 | 0 |
_92852 _aSignal theory (Telecommunication) |
|
| 910 | _a0034983 | ||
| 942 |
_cBK _2lcc |
||